000 00606cam a22002053a 4500
001 39113
003 PGUSA
005 20140828083851.0
008 120312s2012||||xxu|||||s|||||000 | eng d
040 _aPGUSA
_beng
042 _adc
100 1 _aFernández y González, Manuel,
_d1821-1888
245 1 0 _aLos hermanos Plantagenet
_h[electronic resource] /
_cManuel Fernández y González
260 _bProject Gutenberg,
_c2012
506 _aPublic domain in the USA.
516 _aElectronic text
830 0 _aProject Gutenberg
_v39113
856 4 0 _uhttp://www.gutenberg.org/ebooks/39113
942 _cEB
999 _c268366
_d268366